000
00323 a2200109 4500
001
ART_17827
005
20260410161700.0
008
260409a
245
1
0
_a
Evolución de los salarios y dela productividad.
100
1
_a
Montuschi, Luisa
773
0
_t
Ensayos Económicos
_g
- Nº 19 (sep. 1981)
_w
REV620
999
_c
15130
_d
15130